Statistics for Pokemon that do not evolve

Click here to take the quiz!

General Stats

  • This quiz has been taken 50 times
  • The average score is 112 of 168

Answer Stats

GenerationAnswer% Correct
1Articuno
97%
1Mew
97%
1Ditto
94%
1Mewtwo
94%
1Moltres
94%
1Zapdos
94%
1Aerodactyl
91%
3Groudon
91%
2Ho-oh
91%
3Kyogre
91%
2Celebi
88%
2Lugia
88%
4Palkia
88%
1Pinsir
88%
3Rayquaza
88%
4Dialga
85%
2Entei
85%
3Jirachi
85%
1Kangaskhan
85%
2Suicune
85%
1Tauros
85%
4Darkrai
82%
3Latias
82%
3Latios
82%
2Raikou
82%
3Regice
82%
3Regirock
82%
3Registeel
82%
5Reshiram
82%
5Zekrom
82%
4Arceus
79%
3Deoxys
79%
5Genesect
79%
4Giratina
79%
5Meloetta
79%
4Shaymin
79%
4Azelf
76%
5Cobalion
76%
4Heatran
76%
2Heracross
76%
5Landorus
76%
1Lapras
76%
4Mesprit
76%
3Minun
76%
3Plusle
76%
4Regigigas
76%
5Terrakion
76%
5Thundurus
76%
5Tornadus
76%
3Tropius
76%
4Uxie
76%
5Victini
76%
5Virizion
76%
7Buzzwole
74%
4Cresselia
74%
1Farfetch'd
74%
5Keldeo
74%
5Kyurem
74%
4Manaphy
74%
4Pachirisu
74%
3Relicanth
74%
3Sableye
74%
2Smeargle
74%
3Spinda
74%
2Stantler
74%
2Unown
74%
6Xerneas
74%
2Corsola
71%
3Luvdisc
71%
3Mawile
71%
4Phione
71%
6Yveltal
71%
6Zygarde
71%
6Dedenne
68%
5Emolga
68%
7Nihilego
68%
4Rotom
68%
3Seviper
68%
2Skarmory
68%
7Tapu Bulu
68%
7Tapu Fini
68%
7Tapu Koko
68%
7Tapu Lele
68%
3Zangoose
68%
3Absol
65%
5Bouffalant
65%
2Dunsparce
65%
5Durant
65%
2Miltank
65%
7Mimikyu
65%
7Necrozma
65%
2Qwilfish
65%
3Volbeat
65%
6Volcanion
65%
3Castform
62%
2Girafarig
62%
7Guzzlord
62%
6Hoopa
62%
3Illumise
62%
7Kartana
62%
6Klefki
62%
7Magearna
62%
7Pheromosa
62%
5Sawk
62%
4Spiritomb
62%
5Throh
62%
7Togedemaru
62%
7Xurkitree
62%
5Alomomola
59%
6Carbink
59%
6Diancie
59%
8Eternatus
59%
6Furfrou
59%
5Heatmor
59%
3Lunatone
59%
7Oranguru
59%
8Regidrago
59%
8Regieleki
59%
3Solrock
59%
3Torkoal
59%
8Zacian
59%
8Zamazenta
59%
5Audino
56%
5Basculin
56%
4Carnivine
56%
7Celesteela
56%
4Chatot
56%
2Delibird
56%
5Druddigon
56%
6Hawlucha
56%
7Marshadow
56%
2Shuckle
56%
7Zeraora
56%
7Drampa
53%
3Kecleon
53%
7Komala
53%
5Maractus
53%
7Minior
53%
7Stakataka
53%
7Turtonator
53%
7Oricorio
50%
5Sigilyph
50%
8Arctovish
47%
7Blacephalon
47%
8Calyrex
47%
7Dhelmise
47%
8Dracovish
47%
7Passimian
47%
5Stunfisk
47%
8Zarude
47%
8Arctozolt
44%
7Bruxish
44%
7Comfey
44%
5Cryogonal
44%
8Dracozolt
44%
8Falinks
44%
8Glastrier
44%
8Morpeko
44%
8Stonjourner
44%
8Eiscue
41%
7Pyukumuku
41%
7Wishiwashi
41%
8Cramorant
38%
8Duraludon
38%
8Pincurchin
38%
8Spectrier
38%
8Indeedee
32%

Score Distribution

Percentile by Number Answered

Percent of People with Each Score

Your Score History

You have not taken this quiz